CCE Term 1 Sample Papers 10/ (Record no. 199085)

MARC details
000 -LEADER
fixed length control field 00550nam a22001817a 4500
005 - DATE AND TIME OF LATEST TRANSACTION
control field 20231115122934.0
010 ## - LCCN (DPL NO)
LC control number ENG-138375
020 ## - INTERNATIONAL STANDARD BOOK NUMBER
International Standard Book Number 9788125952091
Terms of availability 140.00
035 ## - SYSTEM CONTROL NUMBER
System control number EN-121907
037 ## - SOURCE OF ACQUISITION
Source of stock number/acquisition DBAD
082 ## - DEWEY DECIMAL CLASSIFICATION NUMBER
Classification number 000
Edition number First
245 ## - TITLE STATEMENT
Title CCE Term 1 Sample Papers 10/
Medium English
250 ## - EDITION STATEMENT
Edition statement First
260 ## - PUBLICATION, DISTRIBUTION, ETC. (IMPRINT)
Place of publication, distribution, etc Noida
Name of publisher, distributor, etc Vikas publishing House Pvt Ltd
Date of publication, distribution, etc 2012
270 ## - ADDRESS
Address E-28, Sector-8,
City Noida
Postal code 201301
Telephone number 0120-4078900
Fax number 0120-4078999
Electronic mail address info@madhubunbooks.com
300 ## - PHYSICAL DESCRIPTION
Extent 220p.
Dimensions 27cm(pbk)
942 ## - ADDED ENTRY ELEMENTS (KOHA)
Source of classification or shelving scheme Dewey Decimal Classification
Item type English Books
Classification part 000
Call number suffix CCE
Holdings
Withdrawn status Lost status Not for loan Collection code Home library Current library Date acquired Source of acquisition Cost, normal purchase price Full call number Barcode Copy number Cost, replacement price Koha item type
      Non-fiction Bawana Bawana 15/11/2023 DBAD/PUB 140.00 000 CCE EN-121907 1 140.00 English Books

© Delhi Public Library
Hit Counter
free hit counter